000 00965nas a2200265 4500
001 BR8704900
003 BR-BrBNA
005 20231205090729.0
007 ta
008 230509b bl.|||p| |||| 00| 00por d
040 _aBR-BrBNA
_bpor
_cBiblioteca Nacional de Agricultura
041 _a(Pt)
072 _aP34
100 1 _aPurcino, A.A.C.
100 1 _aLynd, J.Q.
245 1 _aEfeito do estresse da desfolha artificial sobre a rebrota e algumas caracteristicas bioquimicas dos nodulos de copada [feijao branco, Cratylia floribunda]
246 1 _aEffect of defoliation stress on regrowth and some biochemical characteristics of "Copada" nodules
650 _aFEIJAO BRANCO
650 _aNODULO
650 _aREBROTA
650 _aFIXACAO SIMBIOTICA DE NITROGENIO
773 0 _tPesquisa Agropecuaria Brasileira (Brazil)
_xISSN 0100-204X
_g(May 1986), v. 21(5) p. 473-480
_wBR8704900
909 _a202311
_bLúcia
_c55
_dLúcia Elande
942 _2AGRIS
_n0
_cANA
999 _c120507
_d120507